Zur Bedeutung von Eileiterveränderungen für die Eileiterfunktion /

Bibliographic Details
Main Author: Mühlbauer, Gabriele
Format: Thesis Book
Language:German
Published: [Place of publication not identified] : [publisher not identified], 1994.

MARC

Tag First Indicator Second Indicator Subfields
LEADER 00000ctm a2200000Ka 4500
001 in00004530300
005 20191205081652.0
008 950526s1994 xx a bm 000 0 ger d
015 |a 94,H09,2391  |2 dnb 
016 7 |a 941752690  |2 DE-101 
035 |a (OCoLC)ocm32543667 
035 |a (OCoLC)32543667 
035 |z (UtOrBLW)61915 
035 |a 89042 
040 |a IWA  |b eng  |c IWA  |d OCLCQ  |d HEBIS  |d OCLCQ  |d UtOrBLW 
049 |a TMVM 
082 0 4 |a 636.089  |2 20 
100 1 |a Mühlbauer, Gabriele. 
245 1 0 |a Zur Bedeutung von Eileiterveränderungen für die Eileiterfunktion /  |c von Gabriele Mühlbauer. 
264 1 |a [Place of publication not identified] :  |b [publisher not identified],  |c 1994. 
300 |a 78 pages :  |b illustrations ;  |c 21 cm. 
336 |a text  |2 rdacontent  |b txt 
337 |a unmediated  |2 rdamedia 
338 |a volume  |2 rdacarrier  |b nc 
502 |b doctoral  |c Ludwig-Maximilians-Universität München  |d 1994. 
500 |a Summary in English. 
504 |a Includes bibliographical references. 
999 |a MARS 
999 f f |s 15a22176-8bba-3c3e-bb7e-45685de4600e  |i c643db17-7aed-3fb2-a9a5-a91d3161a45e  |t 0 
952 f f |p preservation  |a Texas A&M University  |b J.J. Pickle Campus  |c High Density Repository  |d Remote Storage  |t 0  |e German dissertations  |h Other scheme  |i unmediated -- volume  |m 3238902443667 
998 f f |a German dissertations  |t 0  |l Remote Storage